| 000 | 01250cam a22002895a 4500 | ||
|---|---|---|---|
| 999 |
_c21891 _d21863 |
||
| 001 | 015947458 | ||
| 003 | EG-ScBUE | ||
| 005 | 20210121124445.0 | ||
| 008 | 111004s2012 enk g 000 f eng d | ||
| 020 | _a9781444723458 (pbk.) | ||
| 040 |
_aStDuBDS _beng _erda _cStDuBDS _dEG-ScBUE |
||
| 082 | 0 | 4 |
_a813.54 _bKIN _222 |
| 100 | 1 |
_aKing, Stephen, _d1947- _eauthor. _940181 |
|
| 245 | 1 | 4 |
_aThe drawing of the three : _bthe dark tower 2 _cStephen King. |
| 264 | 1 |
_aLondon : _bHodder & Stoughton, _c2012. |
|
| 300 |
_axviii, 455 pages ; _c20 cm |
||
| 336 |
_2rdacontent _atext _btxt |
||
| 337 |
_2rdamedia _aunmediated _bn |
||
| 338 |
_2rdacarrier _avolume _bnc |
||
| 500 | _aOriginally published: West Kingston, R.I.: Donald M. Grant, 1987; London: Sphere, 1990. | ||
| 520 | _aThe Man in Black is dead, and Roland is about to be hurled into 20th-century America, occupying the mind of a man running cocaine on the New York/Bermuda shuttle. A brilliant work of dark fantasy inspired by Browning's romantic poem, "Childe Roland to the Dark Tower Came. | ||
| 650 | 7 |
_aRoland (Fictitious character : King) _2BUEsh _940182 |
|
| 650 | 7 |
_aFantasy fiction, American. _2BUEsh |
|
| 653 |
_cJune2016 _bHHUUEENN |
||
| 655 |
_vReading book _934232 |
||
| 942 |
_2ddc _cBB |
||